Statystyki dla Państwa W Których Największe Miasto Nie Jest Stolicą

Kliknij tutaj aby rozwiązać quiz!

Ogólne statystyki

  • Ten quiz został rozwiązany 588 razy
  • Średni wynik to 15 z 36

Statystyki odpowiedzi

KontynentPaństwo% Poprawnych
Ameryka PółnocnaStany Zjednoczone
86%
AzjaChiny
83%
Ameryka PołudniowaBrazylia
82%
Ameryka PółnocnaKanada
82%
OceaniaAustralia
81%
AfrykaRepublika Południowej Afryki
74%
AzjaIndie
67%
OceaniaNowa Zelandia
63%
AzjaTurcja
62%
Ameryka PołudniowaBoliwia
54%
AfrykaNigeria
54%
AfrykaMaroko
52%
Ameryka PołudniowaEkwador
51%
EuropaBelgia
46%
AzjaKazachstan
46%
AzjaPakistan
41%
AzjaZjednoczone Emiraty Arabskie
41%
AzjaWietnam
40%
AfrykaSudan
38%
EuropaLiechtenstein
36%
EuropaMalta
31%
EuropaSan Marino
31%
AzjaMjanma
30%
AfrykaTanzania
26%
Ameryka PółnocnaBelize
25%
AfrykaWybrzeże Kości Słoniowej
25%
AzjaFilipiny
23%
OceaniaMikronezja
23%
OceaniaPalau
21%
AzjaSri Lanka
21%
AzjaTajwan
19%
AfrykaGwinea Równikowa
17%
AfrykaKamerun
17%
AfrykaBenin
15%
Ameryka PółnocnaTrynidad i Tobago
15%
AfrykaBurundi
11%

Rozkład punktacji

Percentyl według liczby udzielonych odpowiedzi

Procent ludzi z każdym wynikiem

Twoja historia wyników

Nie rozwiązałeś tego quizu